000 00981ngm a22002890a 4500
001 PT17489
003 AR-LpoUNG
005 20210202000251.0
007 vd cvaizq
008 191001suuuu||||ag |||||||||||||||||ita d
040 _aAR-LpoUNG
_bspa
_cAR-LpoUNG
_eaacr
041 _aita
044 _aag
082 0 _a857 923desc
100 1 _aLoy, Nani
_edir.
245 1 0 _aAudaz golpe de los desconocidos de siempre
260 _aBuenos Aires :
_bTauro Video,
_cs. f..
300 _aVHS (105 min.) : son., col.
505 0 _aHecha en 1958. - Elenco: Nino Manfredi, Vittorio Gassman, Renato Salvatore, Claudia Cardinale.
520 _aUn grupo de amigos deciden efectuar un atraco al furgón que transportaba la recaudación de las quinielas italianas. El golpe parece fácil pero causas imprevistas jugarán en el el momento inesperado.
651 4 _aItalia
653 _aCINE ITALIANO
653 _aCOMEDIA
653 _aVIDEOS
905 _a17489
942 _cVIDEO
999 _c54479
_d54479